000 01247cam a2200349 a 4500
001 17767856
003 OSt
005 20240801151350.0
008 120118s2011 su 000 m ara d
010 _a 2013312481
020 _a9789953541402
035 _a(OCoLC)ocn773193069
040 _aCGU
_cTEF
_dDLC
042 _alccopycat
_alcode
050 0 0 _aPJ7601
_b.Q87 2011
066 _c(3
082 _a892.7
_bQUR/A
100 1 _aQuranī, ʻĀʼiḍ
_6880-01
_99743
245 1 3 _6880-02
_aal-Usṭūrah /
_ctaʼlīf ʻĀʼiḍ al-Qarnī.
250 _6880-03
_aal-Ṭabʻah 2.
260 _6880-04
_aJiddah :
_bDār al-Minhāj,
_c2011
300 _a848 p. ;
_c25 cm.
650 0 _aArabic literature.
650 0 _aArabic language
_vReaders.
880 1 _6100-01/(3/r‏
_a‏قرني، عائض.
880 1 2 _6245-02/(3/r‏
_a‏الأسطورة /‏
_c‏تأليف عائض القرني.
880 _6250-03/(3/r‏
_a‏الطبعة 2.
880 _6260-04/(3/r‏
_a‏جدة :‏
_b‏دار المنهاج،‏
_c‏‫2011‬.
906 _a7
_bcbc
_ccopycat
_d3
_encip
_f20
_gy-nonroman
942 _2ddc
_cBK
_h892.7
_iQUR/A
_k892.7
_mQUR/A
999 _c42703
_d42703